000 00601nam a2200229Ia 4500
003 OSt
005 20221005113627.0
006 a|||||r|||| 00| 0
007 ta
008 221004b |||||||| |||| 00| 0 mal d
024 _a52963
037 _cTextual
040 _aCRL
_cCRL
_bmal
041 _2mal
_amal
082 _aDelta2,14:7, 32K4
100 _aMenon Puthezhathu Rama Au.
_9593434
245 0 _aAaraanee manushyan
260 _c1964
650 _aSPIRITUALISM
942 _hDelta2,14:7, 32K4
_cTEXL
_2cc
999 _c1028793
_d1028793